La obra maestra de la vida (Record no. 77842)

MARC details
000 -LEADER
campo de control de longitud fija 00807nam a2200205 i 4500
001 - NÚMERO DE CONTROL
campo de control 77842
003 - IDENTIFICADOR DE NÚMERO DE CONTROL
campo de control ES-MaACL
005 - FECHA Y HORA DE LA ÚLTIMA TRANSACCIÓN
campo de control 20250801223403.0
007 - CAMPO FIJO DE DESCRIPCIÓN FÍSICA--INFORMACIÓN GENERAL
campo de control de longitud fija t|
008 - DATOS DE LONGITUD FIJA--INFORMACIÓN GENERAL
campo de control de longitud fija 041111s1919 sp ||||1| spa d
100 1# - ENTRADA PRINCIPAL--NOMBRE DE PERSONA
Nombre de persona Marden, Orison Swett.
9 (RLIN) 76564
245 13 - MENCIÓN DEL TÍTULO
Título La obra maestra de la vida
Resto del título : libro para el perfeccionamiento de nuestro carácter y afirmación de nuestra personalidad /
Mención de responsabilidad, etc. original de Orison Swett Marden ; traducción directa del inglés por Federico Climent Terrer.
260 ## - PUBLICACIÓN, DISTRIBUCIÓN, ETC.
Lugar de publicación, distribución, etc. Barcelona :
Nombre del editor, distribuidor, etc. Librería Parera,
Fecha de publicación, distribución, etc. 1919 (
Fabricante Sobs. de López Robert y Cª)
300 ## - DESCRIPCIÓN FÍSICA
Extensión 347 p. ;
Dimensiones 18 cm.
500 ## - NOTA GENERAL
Nota general Con retrato del autor.
650 04 - PUNTO DE ACCESO ADICIONAL DE MATERIA--TÉRMINO DE MATERIA
Término de materia o nombre geográfico como elemento de entrada Voluntad.
9 (RLIN) 17848
700 1# - ENTRADA AGREGADA--NOMBRE PERSONAL
Nombre de persona Climent Terrer, Federico,
Fechas asociadas al nombre 1860-ca. 1949
9 (RLIN) 39265
852 ## - LOCALIZACIÓN
Ubicación ES-MaACL
Número de control de estantería E-10329
Sublocalización o colección R.133718
Holdings
Estatus retirado Estado de pérdida Estado de daño No para préstamo Biblioteca de origen Biblioteca actual Ubicación en estantería Fecha de adquisición Fuente de adquisición Total de préstamos Signatura topográfica completa Código de barras Visto por última vez Precio de reemplazo Tipo de ítem Koha
        Biblioteca del Ateneo de Madrid Biblioteca del Ateneo de Madrid Depósito 2 17/01/2008     E-10329 1081437 23/02/2023 23/02/2023 Libro impreso